000 00512nam a22001577a 4500
003 OSt
005 20221013191710.0
008 221012b |||||||| |||| 00| 0 eng d
040 _cBiblioteca Lado V
082 _a700.74
_bB517j
100 _aBernal, Margaret
_ecurador
_9181
245 _aJamaica in Venice/
_bLa Bienale di Venezia 49. Esposizione Internazionale d'Arte /
260 _bJamaica
_c2001
300 _a14p.
_c17x24cm
_bEs un folder con hojas
942 _2ddc
_c1
_h700.74
_iB517j
_n0
999 _c2313
_d2313